Normal view
MARC view
Entry Personal Name
001 - CONTROL NUMBER
- control field: 163207
003 - CONTROL NUMBER IDENTIFIER
- control field: OSt
005 - DATE AND TIME OF LATEST TRANSACTION
- control field: 20220923214002.0
008 - FIXED-LENGTH DATA ELEMENTS
- fixed length control field: 220923|| aca||aabn | a|a d
040 ## - CATALOGING SOURCE
- Original cataloging agency: OSt
- Transcribing agency: OSt
100 ## - HEADING--PERSONAL NAME
- Personal name: सहाय, सच्चिदानन्द; प्रियम्वदा देवी
670 ## - SOURCE DATA FOUND
- Source citation: Work cat.: (OSt)320644: सहाय, सच्चिदानन्द; प्रियम्वदा देवी, मानस मनोविज्ञान, 1967
